000 00369 a2200169 4500
001 49600
020 _a8508092261
040 _cAnchieta - Bela Vista
100 _aFaugeron, Françoise Rastoin
240 1 0 _aA alimentação
_lpor
245 1 0 _aA alimentação
300 _a31
362 0 _a2004
440 1 _aÁtica
650 4 _aLiteratura juvenil
942 _cBK
999 _c49600
_d49600